| 000 | 00689cab a2200241 4500 | ||
|---|---|---|---|
| 001 | WB2914-15 | ||
| 008 | 090401t1993 xxu||||| |||| 00| 0 eng d | ||
| 035 | _a(Sirsi) u90410 | ||
| 041 | _aeng | ||
| 245 | _a1.7 million with negative equity | ||
| 260 | _c1993 | ||
| 350 | _a0 | ||
| 490 |
_aDaily Mail _v5 April 1993, 9(1) |
||
| 520 | _aThe Bank of England estimates that 1.7million homeowners are caught in the negative equity trap; far above Government figures. | ||
| 650 | _aBANK OF ENGLAND | ||
| 650 | _aHOME OWNERSHIP | ||
| 650 | _aNEGATIVE EQUITY | ||
| 650 | _aSTATISTICS | ||
| 690 | _aHOUSING-FINANCE | ||
| 690 | _aHOUSING-PRICES | ||
| 942 | _n0 | ||
| 948 | _c04/03/1997 | ||
| 999 |
_c57319 _d57319 |
||